Normal view
MARC view
- Biography
Entry Topical Term
001 - CONTROL NUMBER
- control field: 6271
003 - CONTROL NUMBER IDENTIFIER
- control field: OSt
005 - DATE AND TIME OF LATEST TRANSACTION
- control field: 20241004150256.0
008 - FIXED-LENGTH DATA ELEMENTS
- fixed length control field: 241004|| aca||aabn | a|a d
040 ## - CATALOGING SOURCE
- Original cataloging agency: OSt
- Transcribing agency: OSt
150 ## - HEADING--TOPICAL TERM
- Topical term or geographic name as entry element: Biography
670 ## - SOURCE DATA FOUND
- Source citation: Work cat.: (OSt)18105: Jaleel, K. T. 5370, Pacha kalarnna chuvappu :, 2023.
